| 000 | 00411nam a2200169 a 4500 | ||
|---|---|---|---|
| 001 | 0000-8935 | ||
| 003 | ELIB.Books | ||
| 008 | 110520 1971 | ||
| 035 | _a(ELIB.Books)0000-9083 | ||
| 082 |
_a220 _bBra |
||
| 100 | _aBratcher, Robert G. | ||
| 245 | _aTouched by the fire | ||
| 260 |
_bAmerican Bible Society _c1971 |
||
| 650 | _aBible | ||
| 942 |
_2ddc _cBK |
||
| 998 |
_cbat _e2011-05-20 |
||
| 999 |
_c8935 _d8935 |
||